000
00335nam a2200157Ia 4500
001
18225
003
IN-NITTTR
005
20251114233212.0
008
251113s9999||||xx |||||||||||||| ||eng||
040
_b
eng
040
_c
IN-NITTTR
041
_a
eng
082
_a
891.432 G93S H
245
0
_a
Sapta rang akanki. /
942
_2
ddc
_c
BK
999
_c
20859
_d
20859